[Event "ITA-ch Seniors 34th"]
[Site "Arvier"]
[Date "2012.04.16"]
[Round "3"]
[White "Maestri, Roberto"]
[Black "Giani, Franco"]
[Result "0-1"]
[WhiteElo "1711"]
[BlackElo "1942"]
[PlyCount "58"]
[EventDate "2012.04.14"]
[EventType "swiss"]
[EventRounds "9"]
[EventCountry "ITA"]
[SourceTitle "CBM 148 Extra"]
[Source "ChessBase"]
[SourceDate "2012.06.22"]
[SourceVersion "1"]
[SourceVersionDate "2012.06.22"]
[SourceQuality "1"]

1. e4 c5 2. d4 d6 3. dxc5 Qa5+ 4. Nc3 Qxc5 5. Be3 Qa5 6. Nf3 Nf6 7. Bc4 Nxe4 8. 0-0 Nxc3 9. bxc3 e6 10. Qe2 Be7 11. Bb5+ Bd7 12. Bd2 Qxb5 13. c4 Qa6 14. Nd4 Bf6 15. Nb5 Bxb5 16. cxb5 Qb6 17. Rab1 Nd7 18. a4 0-0 19. a5 Qc7 20. Rfc1 b6 21. a6 Rac8 22. Bf4 Be5 23. Bg5 Nc5 24. c4 Rfe8 25. f4 Bd4+ 26. Kh1 e5 27. Re1 Ne6 28. fxe5 Bxe5 29. Rbc1 Nxg5 0-1

[Event "ITA-ch Seniors 34th"]
[Site "Arvier"]
[Date "2012.04.15"]
[Round "2"]
[White "Palermiti, Francesco"]
[Black "Maestri, Roberto"]
[Result "0-1"]
[WhiteElo "1545"]
[BlackElo "1711"]
[PlyCount "84"]
[EventDate "2012.04.14"]
[EventType "swiss"]
[EventRounds "9"]
[EventCountry "ITA"]
[SourceTitle "CBM 148 Extra"]
[Source "ChessBase"]
[SourceDate "2012.06.22"]
[SourceVersion "1"]
[SourceVersionDate "2012.06.22"]
[SourceQuality "1"]

1. d4 Nf6 2. Nf3 d6 3. e3 g6 4. Bd3 Bg7 5. 0-0 0-0 6. Nbd2 Nc6 7. a3 e5 8. dxe5 dxe5 9. e4 Bg4 10. h3 Be6 11. Qe2 Nd4 12. Nxd4 exd4 13. Nf3 c5 14. Bg5 Qc7 15. b3 a6 16. a4 Rac8 17. Qd2 Nd7 18. Rfe1 Ne5 19. Qf4 Rfe8 20. Nxe5 Bxe5 21. Qh4 c4 22. bxc4 Bxc4 23. f4 Bg7 24. e5 Bxd3 25. cxd3 Qb6 26. Bf6 Rc6 27. Bxg7 Kxg7 28. Qg3 Qd8 29. f5 Kh8 30. f6 Rce6 31. Qf4 Qd5 32. Re4 Rxe5 33. Rxd4 Qc5 34. Kh1 Rf5 35. Qxf5 gxf5 36. Rd7 Rf8 37. Rxb7 Qc6 38. Rab1 Qxf6 39. R1b6 Qd4 40. Rxa6 Qxd3 41. Rab6 Ra8 42. Rxf7 Rxa4 0-1

[Event "EU-ch Seniors 11th"]
[Site "Courmayeur"]
[Date "2011.04.07"]
[Round "2"]
[White "Kayaman, Metin"]
[Black "Maestri, Roberto"]
[Result "1-0"]
[WhiteElo "1973"]
[BlackElo "1766"]
[PlyCount "39"]
[EventDate "2011.04.06"]
[EventType "swiss"]
[EventRounds "9"]
[EventCountry "ITA"]
[SourceTitle "CBM 141 Extra"]
[Source "ChessBase"]
[SourceDate "2011.05.03"]
[SourceVersion "1"]
[SourceVersionDate "2011.05.03"]
[SourceQuality "1"]

1. d4 Nf6 2. c4 e5 3. d5 Bc5 4. Nf3 d6 5. Nc3 0-0 6. g3 c6 7. Bg2 a6 8. a4 Bf5 9. 0-0 Re8 10. Nh4 Bd7 11. Bg5 h6 12. Bxf6 Qxf6 13. Ne4 Qd8 14. Rb1 Ba7 15. Nxd6 Rf8 16. Nxb7 Qc7 17. Qb3 Bc8 18. dxc6 Nxc6 19. Bxc6 Bxb7 20. Qxb7 1-0

[Event "ITA-ch Seniors 32nd"]
[Site "Arvier"]
[Date "2010.04.20"]
[Round "3"]
[White "Bisignano, Giuseppe"]
[Black "Maestri, Roberto"]
[Result "0-1"]
[WhiteElo "1942"]
[BlackElo "1630"]
[PlyCount "108"]
[EventDate "2010.04.18"]
[EventType "swiss"]
[EventRounds "9"]
[EventCountry "ITA"]
[SourceTitle "EXT 2024"]
[Source "ChessBase"]
[SourceDate "2023.10.10"]
[SourceVersion "1"]
[SourceVersionDate "2023.10.10"]
[SourceQuality "1"]

1. e4 d6 2. d4 Nf6 3. Nc3 c6 4. Nf3 Bg4 5. Bc4 b5 6. Bd3 Nbd7 7. h3 Bh5 8. g4 Bg6 9. e5 Nd5 10. Nxd5 cxd5 11. e6 fxe6 12. Bxg6+ hxg6 13. Qd3 Nf6 14. Qxg6+ Kd7 15. Ng5 Qb6 16. Be3 Rh6 17. Qd3 Nxg4 18. 0-0-0 Nxe3 19. fxe3 a5 20. e4 dxe4 21. Qxe4 d5 22. Qg4 Rf6 23. Rhf1 Rc8 24. Nh7 Qc7 25. Nxf6+ gxf6 26. Rf2 Qc4 27. Kb1 f5 28. Qg6 a4 29. Rd3 b4 30. Re2 Qa6 31. Rde3 Rc6 32. Re5 Qb6 33. Rd2 b3 34. cxb3 axb3 35. axb3 Qa5 36. Rc2 Ra6 37. Rc5 Qd2 38. Rcxd5+ Rd6 39. Rxd6+ exd6 40. Rb5 Qd3+ 41. Kc1 Qxb5 42. Kc2 Qe2+ 43. Kc3 Qe3+ 44. Kc2 Qxh3 45. Qg1 d5 46. Qf2 Qg4 47. Kb1 Bg7 48. Qf1 Qxd4 49. Qb5+ Ke7 50. Qb7+ Kf6 51. Qd7 Kg5 52. Qd8+ Kg4 53. Kc1 Qxb2+ 54. Kd1 Qxb3+ 0-1

[Event "Udine Oro Caffe op 2nd"]
[Site "Udine"]
[Date "2009.07.12"]
[Round "7"]
[White "Maestri, Roberto"]
[Black "Lippi, Agostino"]
[Result "1/2-1/2"]
[WhiteElo "1651"]
[BlackElo "1550"]
[PlyCount "43"]
[EventDate "2009.07.06"]
[EventType "swiss"]
[EventRounds "7"]
[EventCountry "ITA"]
[SourceTitle "EXT 2011"]
[Source "ChessBase"]
[SourceDate "2010.11.26"]
[SourceVersion "1"]
[SourceVersionDate "2010.11.26"]
[SourceQuality "1"]

1. e4 d6 2. d4 Nf6 3. Nc3 e5 4. dxe5 dxe5 5. Qxd8+ Kxd8 6. Bg5 Nbd7 7. 0-0-0 c6 8. Nf3 Kc7 9. Bc4 Bc5 10. Bxf6 gxf6 11. Rd2 Rf8 12. Nh4 Nb6 13. Bb3 Be6 14. Nf5 Bxb3 15. axb3 Rfd8 16. Rhd1 Bf8 17. Ne2 Rxd2 18. Rxd2 Rd8 19. Neg3 Rxd2 20. Kxd2 Kd7 21. Nh5 Ke6 22. c3 1/2-1/2

[Event "Udine Oro Caffe op 2nd"]
[Site "Udine"]
[Date "2009.07.07"]
[Round "2"]
[White "Maestri, Roberto"]
[Black "Zavagno, Matteo"]
[Result "0-1"]
[WhiteElo "1651"]
[BlackElo "1443"]
[PlyCount "44"]
[EventDate "2009.07.06"]
[EventType "swiss"]
[EventRounds "7"]
[EventCountry "ITA"]
[SourceTitle "EXT 2011"]
[Source "ChessBase"]
[SourceDate "2010.11.26"]
[SourceVersion "1"]
[SourceVersionDate "2010.11.26"]
[SourceQuality "1"]

1. e4 e5 2. d4 exd4 3. c3 d5 4. exd5 Qxd5 5. Nf3 Nc6 6. cxd4 Bg4 7. Nc3 Bb4 8. Be2 Nge7 9. 0-0 Qd7 10. Be3 Be6 11. Bb5 Bxc3 12. bxc3 0-0 13. c4 Bf5 14. Ne5 Qd6 15. c5 Qe6 16. Bc4 Nd5 17. Nxc6 Qxc6 18. Qb3 Be4 19. Rab1 Rab8 20. Bb5 Qg6 21. f3 Nxe3 22. fxe4 Qxg2# 0-1

[Event "ITA-ch Seniors 31st"]
[Site "Arvier"]
[Date "2009.04.24"]
[Round "1"]
[White "Turturici, Pellegrino"]
[Black "Maestri, Roberto"]
[Result "1-0"]
[WhiteElo "1977"]
[BlackElo "1570"]
[PlyCount "53"]
[EventDate "2009.04.24"]
[EventType "swiss"]
[EventRounds "9"]
[EventCountry "ITA"]
[SourceTitle "EXT 2011"]
[Source "ChessBase"]
[SourceDate "2010.11.26"]
[SourceVersion "1"]
[SourceVersionDate "2010.11.26"]
[SourceQuality "1"]

1. e4 d6 2. d4 Nf6 3. Nc3 c6 4. Nf3 Bg4 5. Be2 e6 6. 0-0 Be7 7. h3 Bh5 8. Nd2 Bg6 9. Bd3 0-0 10. Nb3 b5 11. a3 Nbd7 12. f4 h6 13. Qe2 e5 14. fxe5 dxe5 15. Be3 Nh5 16. Qe1 exd4 17. Nxd4 Ne5 18. Nf5 Nxd3 19. Nxe7+ Qxe7 20. cxd3 Rad8 21. Qf2 Rxd3 22. Bc5 Qc7 23. Bxf8 Kxf8 24. Rad1 Nf6 25. Qc5+ Qe7 26. Qxc6 Nxe4 27. Qc8+ 1-0